000 00934cam a22003017a 4500
003 CHAP
005 20220329135346.0
008 971013s1983 mx a r 00010 spa d
010 _a34997
011 _a35969
035 _a40088
040 _cCHAP
082 0 4 _a574
_bO5 1983
100 0 0 _aOndarza, Raúl N.
_983302
245 1 0 _aBiología moderna
_b: la célula, bioquímica, genética, biología general
250 _a8 ed.
260 _aMéxico, D. F. :
_bTrillas,
_c1983
300 _a574 p.
_b: ilus.
500 _ac.2 sust. por c.1 de la 10 ed.
590 _aBATCH-UPD
_b10
_c20130110
_lUCH01
_h1805
590 _aBATCH-UPD
_b10
_c20130410
_lUCH01
_h1141
590 _aBATCH-UPD
_b10
_c20130914
_lUCH01
_h0633
590 _aCONVERSION
_b10
_c20130109
_lUCH01
_h1320
650 1 4 _aBiología.
_912773
901 _aBK
942 _cLIBRO
949 _a574 O5 1983
_bBC
_cLIBRO
_d33724002010322
_eLIBRO
_gI. c/e
_h75431
_i40088
_si
_t32.00
999 _c34997
_d34997